| 000 | 00549cam a2200193 a 4500 | ||
|---|---|---|---|
| 001 | 2108992 | ||
| 005 | 20231130053825.0 | ||
| 008 | 961021s1997 enka b 001 0 eng | ||
| 020 | _a0192892703 (pbk. : acidfree paper) | ||
| 040 |
_aDLC _cDLC _dDLC |
||
| 082 | 0 | 0 |
_a305.42 _221 |
| 245 | 0 | 0 |
_aFeminisms / _cedited by Sandra Kemp and Judith Squires. |
| 260 |
_aOxford ; _aNew York : _bOxford University Press, _c1997. |
||
| 300 | _axii, 599 p. : | ||
| 650 | 0 | _aFeminism. | |
| 700 | 1 |
_aKemp, Sandra. _eedt |
|
| 700 | 1 |
_aSquires, Judith. _eedt |
|
| 942 | _cL | ||
| 999 |
_c105 _d105 |
||